Culture Générale - Série 1675 - Statistiques

Statistiques générales
  • Ce quiz a été pris 91 fois
  • Le résultat moyen est 6 sur 10
Statistiques - réponses
Question Réponse % Correct
Quelle est la durée du mandat d'un maire en France ? 6 ans
83%
Le quart des deux tiers de la moitié 120 fait ... 10
78%
En 1911, dans quel pays Emiliano Zapata prit-il la tête d'un soulèvement de paysans ? Mexique
76%
En athlétisme, quelle catégorie d'âge se situe entre les minimes et les juniors ? cadets
67%
Quelle est la planète la plus éloignée du système solaire ? Neptune
67%
Complétez la fin du refrain de la chanson de Michel Fugain "Les Acadiens" : "La faute à qui donc ? La faute à... Napoléon
58%
Quel aviateur a traversé la Manche en 1909 ? Louis Blériot
57%
Quelle ancienne athlète est devenue Ministre des Sports en 2017 ? Laura Flessel
51%
Quel est le point culminant des Pyrénées (3404 mètres) ? pic d'Aneto
39%
Quelle confiserie, devenue une spécialité de Montargis, est faite d'une amande grillée et caramélisée ? praline
23%
Aucun quiz correspondant
Distribution des résultats
% des personnes avec chaque résultat
Percentile par nombre de réponses
Votre historique - résultats
Vous n’avez pas pris ce quiz